| 000 | 00360nam a2200157 i 4500 | ||
|---|---|---|---|
| 001 | bg | ||
| 245 | 0 | _aFizika żidkogo sostojanija. | |
| 250 | _aVyp. 8. | ||
| 260 |
_aKiev : _b"Visca Skola", _c1980. |
||
| 300 |
_as. 134, nlb. 2 : _brys., tab. |
||
| 040 | _cBPK | ||
| 041 | _apol | ||
| 080 | _a532 | ||
| 942 | _cKS | ||
| 008 | s pl f |000 0 pol | ||
| 999 |
_c9430 _d9430 |
||
| 856 |
_uhttp://koha.tu.koszalin.pl/cgi-bin/koha/opac-detail.pl?biblionumber=9430 _yKatalog online BPK |
||